Państwa Europy w losowej kolejności v2 - Statystyki

Ogólne statystyki
  • Ten quiz został rozwiązany 75 razy
  • Średni wynik to 39 z 45
Odpowiedzi na mapie
Odpowiedzi zakodowano w zielono-czerwonej skali na mapie do tego quizu, zgodnie z poniższymi procentami.
 
Statystyki odpowiedzi
Państwo % Poprawnych
Słowacja
93%
Belgia
91%
Rosja
91%
Włochy
91%
Albania
89%
Austria
89%
Dania
89%
Francja
89%
Holandia
89%
Litwa
89%
Macedonia Północna
89%
Malta
89%
Niemcy
89%
Polska
89%
Portugalia
89%
Słowenia
89%
Andora
88%
Finlandia
88%
Islandia
88%
Mołdawia
88%
San Marino
88%
Serbia
88%
Szwajcaria
88%
Węgry
88%
Białoruś
86%
Bułgaria
86%
Czechy
86%
Grecja
86%
Kosowo
86%
Łotwa
86%
Norwegia
86%
Rumunia
86%
Szwecja
86%
Bośnia i Hercegowina
84%
Chorwacja
84%
Czarnogóra
84%
Estonia
84%
Monako
84%
Ukraina
84%
Watykan
84%
Hiszpania
82%
Irlandia
82%
Liechtenstein
82%
Wielka Brytania
82%
Luksemburg
81%
Nie znaleziono quizów pasujących do podanych kryteriów
Rozkład punktacji
Procent ludzi z każdym wynikiem
Percentyl według liczby udzielonych odpowiedzi
Twoja historia wyników
Nie rozwiązałeś tego quizu